Adivina los Artistas mas escuchados en spotify 2024 - Estadísticas

Estadísticas generales
  • Esta prueba ha sido intentada 168 veces
  • La puntuación promedio es 15 de 48
Estadísticas de respuestas
Hint Respuesta % Correcto
Puerto Rico Bad Bunny
97%
USA Taylor Swift
88%
Canadá Justin Bieber
74%
Colombia Karol G
71%
Colombia Shakira
68%
Canadá Drake
67%
México Peso Pluma
66%
Canadá The Weeknd
63%
Reino Unido Ed Sheeran
51%
USA Ariana Grande
47%
USA Sabrina Carpenter
47%
USA Bruno Mars
45%
USA Lady Gaga
44%
Barbados Rihana
44%
USA Billie Eilish
42%
Colombia Feid
42%
USA Beyonce
41%
USA Kendrick Lamar
41%
USA Olivia Rodrigo
38%
Puerto Rico Rauw Alejandro
38%
Reino Unido Dua Lipa
35%
USA Travis Scott
35%
Puerto Rico Anuel AA
33%
Puerto Rico Myke Towers
28%
USA Kanye West
26%
USA Eminem
24%
USA SZA
24%
Reino Unido Coldplay
22%
USA Post Malone
16%
Francia (música en ingles) David Guetta
14%
México Fuerza Regida
14%
USA Doja Cat
11%
USA Imagine Dragons
9%
México Natanael Cano
9%
USA Tyler, the creator
9%
USA Future
8%
USA XXXTENTACION
7%
Reino Unido 21 Savage
6%
Reino Unido Artic Monkeys
6%
México Carin Leon
6%
USA Playboi Carti
6%
Reino Unido Calvin Harris
4%
México Junior H
3%
USA Morgan Wallen
3%
USA Quavo
3%
USA Linkin Park
2%
USA Metro Booming
1%
USA Zach bryan
1%
No se encontraron pruebas coincidentes
Distribución de puntuación
Porcentaje de gente con cada puntuación
Porcentaje por número respondido
Historial de tus puntuaciones
No has intentado esta prueba.